[Event "Quebec op U2000"]
[Site "Montreal"]
[Date "2001.07.28"]
[Round "9"]
[White "Solar, Dariusz"]
[Black "Trinh, Tri Bao"]
[Result "0-1"]
[WhiteElo "1800"]
[BlackElo "1982"]
[PlyCount "98"]
[EventDate "2001.07.21"]
[EventType "swiss"]
[EventRounds "9"]
[EventCountry "CAN"]
[SourceTitle "EXT 2022"]
[Source "ChessBase"]
[SourceDate "2021.10.06"]
[SourceVersion "1"]
[SourceVersionDate "2021.10.06"]
[SourceQuality "1"]

1. e4 e6 2. d4 d5 3. exd5 exd5 4. Bd3 Bd6 5. Nf3 Bg4 6. 0-0 Nc6 7. Re1+ Nge7 8. c3 Qd7 9. Bg5 h6 10. Bh4 0-0-0 11. Bg3 Bxg3 12. hxg3 g5 13. Nbd2 h5 14. Qc2 Nf5 15. Nh2 Nd6 16. f3 Bf5 17. Re2 Bxd3 18. Qxd3 h4 19. g4 h3 20. g3 f5 21. Rae1 fxg4 22. fxg4 Rhf8 23. Ndf3 Ne4 24. Nd2 Nxd2 25. Qxd2 Qd6 26. Qd3 Rf6 27. Re8 Qd7 28. Rxd8+ Nxd8 29. Qe3 Nf7 30. Qe8+ Qxe8 31. Rxe8+ Kd7 32. Ra8 Ra6 33. a3 Rb6 34. Rxa7 Rxb2 35. Nf1 Nd6 36. Ra8 Rc2 37. Rh8 Rxc3 38. Rxh3 Rxa3 39. Rh7+ Kc6 40. Rh6 b5 41. Kf2 Rd3 42. Ne3 Rxd4 43. Ke2 Kc5 44. Nf5 Rxg4 45. Nxd6 cxd6 46. Kf3 Rc4 47. Rg6 g4+ 48. Rxg4 Rxg4 49. Kxg4 b4 0-1

[Event "Quebec-ch qual 1"]
[Site "Montreal"]
[Date "2001.04.29"]
[Round "5"]
[White "Solar, Dariusz"]
[Black "Brassard, Sylvain"]
[Result "0-1"]
[WhiteElo "1779"]
[BlackElo "1886"]
[PlyCount "122"]
[EventDate "2001.04.27"]
[EventType "swiss"]
[EventRounds "5"]
[EventCountry "CAN"]
[SourceTitle "EXT 2022"]
[Source "ChessBase"]
[SourceDate "2021.10.06"]
[SourceVersion "1"]
[SourceVersionDate "2021.10.06"]
[SourceQuality "1"]

1. e4 Nf6 2. Nc3 d5 3. e5 d4 4. exf6 dxc3 5. fxe7 cxd2+ 6. Qxd2 Bxe7 7. Qxd8+ Bxd8 8. Be3 0-0 9. 0-0-0 Be6 10. a3 Bf6 11. Nf3 Nc6 12. Bb5 Ne7 13. Rhe1 a6 14. Ba4 b5 15. Bb3 Bxb3 16. cxb3 Rfd8 17. Bd4 Bxd4 18. Nxd4 Nd5 19. Nc6 Rd6 20. Ne7+ Nxe7 21. Rxd6 cxd6 22. Rxe7 Rc8+ 23. Kd2 Kf8 24. Rb7 Rc5 25. Rb6 Rd5+ 26. Ke2 a5 27. Ra6 b4 28. Ra7 g6 29. f4 Kg7 30. a4 Kf6 31. Rb7 Ke6 32. g4 h5 33. h3 hxg4 34. hxg4 f6 35. Ra7 Rc5 36. Kd3 g5 37. f5+ Ke5 38. Re7+ Kf4 39. Re4+ Kg3 40. Rd4 d5 41. Ke3 Rc2 42. Rxd5 Rxb2 43. Rxa5 Kxg4 44. Kd4 Rxb3 45. Kc4 Rb1 46. Rb5 b3 47. Rxb3 Ra1 48. Rb4 Kxf5 49. Kd3 Re1 50. a5 g4 51. a6 Kg5 52. Ra4 Re8 53. a7 Ra8 54. Ke3 f5 55. Ra5 Kh4 56. Kf4 g3 57. Kf3 f4 58. Kxf4 g2 59. Ra6 Kh5 60. Ra5+ Kh6 61. Rg5 Rf8+ 0-1

[Event "Quebec-ch qual 1"]
[Site "Montreal"]
[Date "2001.04.28"]
[Round "2"]
[White "Fillion, Steve"]
[Black "Solar, Dariusz"]
[Result "1-0"]
[WhiteElo "2130"]
[BlackElo "1779"]
[PlyCount "59"]
[EventDate "2001.04.27"]
[EventType "swiss"]
[EventRounds "5"]
[EventCountry "CAN"]
[SourceTitle "EXT 2022"]
[Source "ChessBase"]
[SourceDate "2021.10.06"]
[SourceVersion "1"]
[SourceVersionDate "2021.10.06"]
[SourceQuality "1"]

1. d4 d5 2. Nf3 Nf6 3. c4 e6 4. Nc3 Be7 5. e3 0-0 6. Bd3 dxc4 7. Bxc4 Nbd7 8. 0-0 Nb6 9. Bb3 c5 10. Qe2 a6 11. Rd1 cxd4 12. Nxd4 Qc7 13. e4 e5 14. Nf5 Bxf5 15. exf5 Rad8 16. Be3 Nbd7 17. Rac1 Qb8 18. Nd5 Nxd5 19. Rxd5 Nf6 20. Rxd8 Rxd8 21. Bb6 Rc8 22. Rd1 Bc5 23. Ba5 Bd4 24. Kh1 Qa7 25. h3 Qc5 26. Bd2 Qc6 27. Be3 Qe4 28. Qd2 Qxf5 29. Bxd4 Ne4 30. Qa5 1-0